[Event "Rated Blitz tournament 6xEMEleC"]
[Site "?"]
[Date "2021.06.03"]
[Round "?"]
[White "EckhardSchmittdiel"]
[Black "dr_xStranger"]
[Result "1-0"]
[WhiteElo "2522"]
[BlackElo "2505"]
[PlyCount "41"]
[EventDate "2021.??.??"]
[EventType "blitz"]

1. e4 e5 2. Nf3 d5 3. d4 dxe4 4. Nxe5 Bd6 5. f4 exf3 6. Qxf3 Nf6 7. Bg5 h6 8.
Bxf6 Qxf6 9. Qxf6 gxf6 10. Nc4 Ke7 11. Nxd6 Kxd6 12. Nc3 Bf5 13. O-O-O Nc6 14.
Be2 Rhe8 15. Rhf1 Bg6 16. Rxf6+ Re6 17. Rf2 Nb4 18. Bc4 Re7 19. Rdf1 Rf8 20.
Rf6+ Kd7 21. Rxg6 {Normal} 1-0

[Event "Rated Blitz tournament OOyC3O3U"]
[Site "?"]
[Date "2021.06.03"]
[Round "?"]
[White "PateaQlos"]
[Black "tiberionsky"]
[Result "1-0"]
[WhiteElo "2434"]
[BlackElo "2259"]
[PlyCount "33"]
[EventDate "2021.??.??"]
[EventType "blitz"]

1. e4 e5 2. Nf3 d5 3. Nxe5 Bd6 4. d4 dxe4 5. Bc4 Bxe5 6. Qh5 Qe7 7. Qxe5 Qxe5
8. dxe5 Nc6 9. Nc3 Nxe5 10. Bb3 f5 11. Bf4 Nc6 12. Nd5 Nd4 13. Nxc7+ Kd8 14.
Nxa8 h6 15. O-O-O g5 16. Rxd4+ Ke8 17. Be5 {Normal} 1-0

[Event "Rated Blitz game"]
[Site "?"]
[Date "2021.06.03"]
[Round "?"]
[White "Naruito64"]
[Black "liaqat321"]
[Result "1/2-1/2"]
[WhiteElo "2424"]
[BlackElo "2371"]
[PlyCount "154"]
[EventDate "2021.??.??"]
[EventType "blitz"]

1. e4 e5 2. Nf3 d5 3. Nxe5 Bd6 4. Nxf7 Kxf7 5. Qh5+ Kf8 6. Qxd5 Nf6 7. Qb3 Nc6
8. d3 Nd4 9. Qc4 a5 10. Be3 c5 11. Bxd4 cxd4 12. Nd2 Bb4 13. O-O-O Ke7 14. Nf3
Be6 15. Qxd4 Qxd4 16. Nxd4 Bxa2 17. c3 Bc5 18. Nf5+ Kf7 19. d4 Be7 20. Bd3 Rhc8
21. d5 Bb3 22. Rde1 Bc5 23. Kd2 Rd8 24. f3 g6 25. Ne3 Nd7 26. f4 Nf6 27. Nc4 b6
28. Rhf1 Rac8 29. Ne5+ Kg7 30. Nc6 Rd7 31. Bb5 Rf7 32. c4 Nd7 33. g3 Bf8 34. e5
Nc5 35. Kc3 a4 36. e6 Rfc7 37. d6 Bxd6 38. Nd4 Be7 39. f5 gxf5 40. Nxf5+ Kf8
41. Nd4+ Kg8 42. Rf7 Bd6 43. Ref1 Ne4+ 44. Kd3 Ng5 45. Rxc7 Rxc7 46. Nf5 Be5
47. h4 Bf6 48. hxg5 Bxg5 49. e7 Bxc4+ 50. Kc3 Bxe7 51. Nxe7+ Rxe7 52. Bxc4+ Kg7
53. Rf4 Re3+ 54. Kb4 Rxg3 55. Rf7+ Kg6 56. Rb7 h5 57. Bf7+ Kg5 58. Rxb6 h4 59.
Ra6 h3 60. Rxa4 Kg4 61. Bd5 h2 62. Ra1 Rg1 63. Ra8 h1=Q 64. Bxh1 Kf4 65. Rh8
Rb1 66. Kb3 Ke3 67. Bd5 Kd2 68. Bc4 Rxb2+ 69. Kxb2 Ke3 70. Rd8 Kf4 71. Kb3 Kg5
72. Bb5 Kf6 73. Ba6 Ke7 74. Rd1 Ke6 75. Kc4 Ke5 76. Rd2 Kf4 77. Rd3 Ke4 {
Time forfeit} 1/2-1/2

[Event "Rated Blitz game"]
[Site "?"]
[Date "2021.06.03"]
[Round "?"]
[White "Capitan-FE"]
[Black "KinzyabulatovRenat"]
[Result "0-1"]
[WhiteElo "2425"]
[BlackElo "2373"]
[PlyCount "84"]
[EventDate "2021.??.??"]
[EventType "blitz"]

1. e4 e5 2. Nf3 d5 3. d3 Nf6 4. Nxe5 dxe4 5. Nc3 Bb4 6. d4 O-O 7. Bg5 h6 8. Bh4
g5 9. Bg3 Nd5 10. Qd2 f5 11. h4 f4 12. hxg5 fxg3 13. f3 e3 14. Qd3 Bf5 15. Qc4
hxg5 16. a3 Bxc3+ 17. bxc3 Nc6 18. Nxc6 bxc6 19. Qxc6 Qd6 20. Qxd6 cxd6 21. Bc4
Be6 22. Rh6 Bf7 23. Rxd6 Rfd8 24. Rxd8+ Rxd8 25. Bxd5 Bxd5 26. Ke2 Re8 27. Kd3
e2 28. Re1 Bb7 29. c4 Ba6 30. d5 Kf7 31. Kd4 Kf6 32. c5 g4 33. fxg4 Kg5 34. c4
Kxg4 35. c6 Kf4 36. d6 Re4+ 37. Kc5 Rxc4+ 38. Kd5 Ke3 39. d7 Rd4+ 40. Kc5 Rd1
41. c7 Rxd7 42. Kc6 Bc8 {Time forfeit} 0-1

[Event "Rated Blitz tournament 3XMctNEo"]
[Site "?"]
[Date "2021.06.03"]
[Round "?"]
[White "Ariel-Marks"]
[Black "om_gendut"]
[Result "0-1"]
[WhiteElo "2208"]
[BlackElo "2452"]
[PlyCount "56"]
[EventDate "2021.??.??"]
[EventType "blitz"]

1. e4 e5 2. Nf3 d5 3. exd5 e4 4. Qe2 Be7 5. Qxe4 Nf6 6. Bb5+ Nbd7 7. Qe2 O-O 8.
O-O Nxd5 9. d4 c6 10. Bd3 Nb4 11. Bc4 Nb6 12. Bb3 a5 13. c3 a4 14. Bd1 N4d5 15.
Bc2 Re8 16. Qd3 g6 17. Bh6 Bf5 18. Qd2 Bxc2 19. Qxc2 Nc4 20. Nbd2 Nxd2 21. Qxd2
Bf6 22. Rfe1 Qc7 23. c4 Nb6 24. b3 axb3 25. axb3 Qd7 26. Qb4 Rxa1 27. Rxa1 Bxd4
28. c5 Bxa1 {Normal} 0-1

[Event "Rated Blitz game"]
[Site "?"]
[Date "2021.06.03"]
[Round "?"]
[White "frasigal"]
[Black "Slimslik02"]
[Result "0-1"]
[WhiteElo "2463"]
[BlackElo "2351"]
[PlyCount "118"]
[EventDate "2021.??.??"]
[EventType "blitz"]

1. e4 e5 2. Nf3 d5 3. d3 dxe4 4. dxe4 Qxd1+ 5. Kxd1 Bg4 6. Nbd2 Nc6 7. c3 O-O-O
8. Bc4 f5 9. Be6+ Kb8 10. Bxf5 Bxf5 11. exf5 e4 12. Ng5 Nh6 13. Ngxe4 Nxf5 14.
Kc2 Ne5 15. Rd1 Be7 16. Nf1 Rde8 17. h3 Nh4 18. g3 Nf5 19. Ne3 Rhf8 20. b3 Bd8
21. Nxf5 Rxf5 22. Be3 Nc6 23. Nc5 Rxe3 24. Nd7+ Kc8 25. fxe3 Rf2+ 26. Kb1 Be7
27. a4 Rf3 28. b4 Rxe3 29. Nc5 Rxc3 30. Ne6 Bf6 31. Ra2 Rb3+ 32. Kc1 Nxb4 33.
Re2 b6 34. Nd4 Rc3+ 35. Kb2 Rc4 36. Kb3 Rxd4 37. Rxd4 Bxd4 38. Kxb4 a6 39. Kc4
c5 40. Kd5 Kd7 41. g4 Bf6 42. Re6 Kc7 43. Rc6+ Kb7 44. a5 bxa5 45. Rxc5 a4 46.
Ra5 Kb6 47. Rxa4 Kb5 48. Ra2 a5 49. Ke6 a4 50. Kf5 Kb4 51. g5 Bc3 52. h4 a3 53.
h5 Kb3 54. Rg2 Bb2 55. Rg1 a2 56. g6 hxg6+ 57. Kxg6 Bf6 58. Rf1 Bb2 59. h6 gxh6
{Time forfeit} 0-1

[Event "Rated Blitz tournament 6xEMEleC"]
[Site "?"]
[Date "2021.06.03"]
[Round "?"]
[White "Ruediger1"]
[Black "dr_xStranger"]
[Result "0-1"]
[WhiteElo "2491"]
[BlackElo "2512"]
[PlyCount "124"]
[EventDate "2021.??.??"]
[EventType "blitz"]

1. e4 e5 2. Nf3 d5 3. Bc4 dxc4 4. Nxe5 Nc6 5. Nxc4 Qd4 6. d3 Nf6 7. O-O Be7 8.
c3 Qd8 9. Nbd2 Bg4 10. Qb3 O-O 11. Qxb7 Bd7 12. Qb3 Rb8 13. Qc2 Be6 14. Ne3 Qd7
15. d4 Nxd4 16. cxd4 Qxd4 17. Re1 Bd6 18. Nf3 Qxe4 19. Qxe4 Nxe4 20. b3 Bb4 21.
Rf1 Bc3 22. Rb1 Rfd8 23. Bb2 Ba5 24. Rfd1 f6 25. h3 Bc3 26. Bxc3 Nxc3 27. Rxd8+
Rxd8 28. Rb2 Nd1 29. Nxd1 Rxd1+ 30. Kh2 Bd5 31. Rc2 c6 32. Kg3 Kf7 33. Kf4 g5+
34. Ke3 Kg6 35. g4 h5 36. Nd4 hxg4 37. hxg4 Re1+ 38. Kd2 Re4 39. Nxc6 Rxg4 40.
Ne7+ Kf7 41. Nxd5 Rd4+ 42. Ke3 Rxd5 43. Rc7+ Kg6 44. Rxa7 Re5+ 45. Kf3 Rf5+ 46.
Kg2 Rc5 47. b4 Rc2 48. b5 Rb2 49. a4 Kf5 50. Ra6 g4 51. b6 Kf4 52. b7 f5 53.
Ra7 g3 54. a5 Rxf2+ 55. Kg1 Rb2 56. b8=Q+ Rxb8 57. Rf7 Kg4 58. Kg2 Rb2+ 59. Kg1
f4 60. Rg7+ Kf3 61. Rb7 Rxb7 62. Kf1 Rb1# {Normal} 0-1

[Event "Rated Blitz game"]
[Site "?"]
[Date "2021.06.03"]
[Round "?"]
[White "Busete"]
[Black "specialprize4u"]
[Result "1-0"]
[WhiteElo "2478"]
[BlackElo "2299"]
[PlyCount "77"]
[EventDate "2021.??.??"]
[EventType "blitz"]

1. e4 e5 2. Nf3 d5 3. exd5 e4 4. Qe2 Nf6 5. Nc3 Be7 6. Nxe4 O-O 7. d3 Re8 8.
Qd1 Nxd5 9. Be2 f5 10. Ng3 Bb4+ 11. c3 Bd6 12. O-O Nc6 13. Re1 Qf6 14. d4 Kh8
15. Bg5 Qg6 16. Bc4 Nb6 17. Rxe8+ Qxe8 18. Bd3 Qg6 19. Qd2 Bd7 20. Nh4 Qf7 21.
Nhxf5 Bxg3 22. Nxg3 Rf8 23. Re1 h6 24. Be3 Nd5 25. Bc2 Nxe3 26. fxe3 Qxa2 27.
Qd3 Qg8 28. e4 Be8 29. e5 Ne7 30. c4 Bg6 31. Qc3 Bxc2 32. Qxc2 b5 33. b3 Rf4
34. d5 a5 35. d6 cxd6 36. exd6 Nc6 37. cxb5 Nd4 38. Qd2 Rf8 39. Qxd4 {Normal}
1-0

[Event "Rated Blitz game"]
[Site "?"]
[Date "2021.06.03"]
[Round "?"]
[White "MattRaiser"]
[Black "DarthZannah"]
[Result "0-1"]
[WhiteElo "2514"]
[BlackElo "2570"]
[PlyCount "76"]
[EventDate "2021.??.??"]
[EventType "blitz"]

1. e4 e5 2. Nf3 d5 3. exd5 e4 4. Qe2 Nf6 5. d3 Qxd5 6. Nc3 Bb4 7. Nd2 Bxc3 8.
bxc3 O-O 9. Nxe4 Nxe4 10. dxe4 Qe5 11. Qe3 Re8 12. f3 f5 13. Bc4+ Be6 14. Bxe6+
Qxe6 15. O-O fxe4 16. Rb1 b6 17. f4 Qxa2 18. Bb2 Qc4 19. f5 Nd7 20. Qg3 Nf6 21.
Kh1 e3 22. Rf4 Qa2 23. Qe1 Re4 24. Rxe4 Nxe4 25. c4 Nd2 26. Rd1 Qxb2 27. Qxe3
Rd8 28. h3 Qxc2 29. Re1 Qxf5 30. Rd1 Qc2 31. Qe6+ Kh8 32. Re1 h6 33. Qe7 Rg8
34. Re2 Qxc4 35. Re6 Qf1+ 36. Kh2 Qf4+ 37. Kg1 a5 38. Qd7 a4 {Normal} 0-1

[Event "Rated Blitz game"]
[Site "?"]
[Date "2021.06.03"]
[Round "?"]
[White "karjanr"]
[Black "magos33"]
[Result "1-0"]
[WhiteElo "2418"]
[BlackElo "2417"]
[PlyCount "83"]
[EventDate "2021.??.??"]
[EventType "blitz"]

1. e4 e5 2. Nf3 d5 3. exd5 e4 4. Ne5 Qxd5 5. d4 exd3 6. Nxd3 Nf6 7. Nc3 Qa5 8.
Be2 c6 9. O-O Bd6 10. Bf3 O-O 11. Ne4 Nxe4 12. Bxe4 f5 13. Bf3 Qc7 14. g3 Nd7
15. Re1 Nf6 16. Be3 Ne4 17. Qc1 Bd7 18. Bf4 Rae8 19. Bxd6 Qxd6 20. Qf4 Qxf4 21.
Nxf4 g5 22. Nd3 Nd2 23. Kg2 Nxf3 24. Kxf3 Kg7 25. Rxe8 Rxe8 26. Re1 Rxe1 27.
Nxe1 c5 28. Nd3 Bc6+ 29. Ke3 b6 30. f4 h6 31. Ne5 Be8 32. c3 Kf6 33. b4 Ba4 34.
bxc5 bxc5 35. Nd3 c4 36. Ne5 Bb5 37. Kd4 gxf4 38. gxf4 Ke6 39. Nxc4 Bc6 40. Ne5
Bg2 41. c4 a5 42. Kc5 {Normal} 1-0

[Event "Rated Blitz tournament 6xEMEleC"]
[Site "?"]
[Date "2021.06.03"]
[Round "?"]
[White "AleksandrAvanesov"]
[Black "dr_xStranger"]
[Result "0-1"]
[WhiteElo "2267"]
[BlackElo "2509"]
[PlyCount "74"]
[EventDate "2021.??.??"]
[EventType "blitz"]

1. e4 e5 2. Nf3 d5 3. exd5 e4 4. Qe2 Nf6 5. d3 Bb4+ 6. c3 O-O 7. cxb4 exf3 8.
gxf3 Re8 9. Be3 Nxd5 10. Nc3 Nxb4 11. O-O-O N8c6 12. Rg1 f6 13. d4 Nd5 14. Nxd5
Qxd5 15. Qc4 Be6 16. Qxd5 Bxd5 17. Kb1 Bxf3 18. Bc4+ Kh8 19. Rc1 Rad8 20. Rg3
Bd5 21. Bd3 Be4 22. Bxe4 Rxe4 23. Rcg1 Rd7 24. d5 Ne5 25. Bxa7 b6 26. d6 cxd6
27. Bxb6 Rb7 28. Bd8 Rf4 29. a4 Rxf2 30. b3 Nf3 31. Rc1 Rxb3+ 32. Ka1 Ra3+ 33.
Kb1 Nd2+ 34. Kc2 Ne4+ 35. Kd1 Rf1+ 36. Ke2 Nxg3+ 37. hxg3 Rxc1 {Normal} 0-1

[Event "Rated Blitz game"]
[Site "?"]
[Date "2021.06.03"]
[Round "?"]
[White "nebulo89"]
[Black "annaly1979"]
[Result "0-1"]
[WhiteElo "2515"]
[BlackElo "2444"]
[PlyCount "22"]
[EventDate "2021.??.??"]
[EventType "blitz"]

1. e4 e5 2. Nf3 d5 3. Nc3 dxe4 4. Nxe4 f5 5. Ng3 e4 6. Ng1 Bc5 7. N1e2 Nf6 8.
d4 Bd6 9. Bf4 O-O 10. Bxd6 Qxd6 11. c3 f4 {Normal} 0-1

[Event "Rated Blitz game"]
[Site "?"]
[Date "2021.06.03"]
[Round "?"]
[White "ProfIsraelSmith"]
[Black "KinzyabulatovRenat"]
[Result "1-0"]
[WhiteElo "2448"]
[BlackElo "2371"]
[PlyCount "41"]
[EventDate "2021.??.??"]
[EventType "blitz"]

1. e4 e5 2. Nf3 d5 3. exd5 e4 4. Qe2 Nf6 5. Nc3 Be7 6. Ng5 Nxd5 7. Ngxe4 O-O 8.
Nxd5 Qxd5 9. Nc3 Qc6 10. d3 Re8 11. Be3 Bf5 12. O-O-O Na6 13. Qh5 Bg6 14. Qb5
Qe6 15. Be2 c6 16. Qxb7 Nc5 17. Qc7 Rab8 18. Rhe1 Rb6 19. Bf3 Qf6 20. Bxc5 Qg5+
21. Be3 {Normal} 1-0

[Event "Rated Blitz game"]
[Site "?"]
[Date "2021.06.03"]
[Round "?"]
[White "Wish_I_Knew_You"]
[Black "Frutek"]
[Result "0-1"]
[WhiteElo "2719"]
[BlackElo "2611"]
[PlyCount "66"]
[EventDate "2021.??.??"]
[EventType "blitz"]

1. e4 e5 2. Nf3 d5 3. Qe2 Nf6 4. Nxe5 Bd6 5. d4 dxe4 6. Nc3 O-O 7. Bg5 Bb4 8.
O-O-O Bxc3 9. bxc3 Nc6 10. f3 h6 11. Nxc6 bxc6 12. Bxf6 Qxf6 13. fxe4 Qg5+ 14.
Qd2 Qa5 15. Bc4 Be6 16. Bb3 Rab8 17. d5 cxd5 18. exd5 Rfd8 19. c4 Qa3+ 20. Kb1
Bf5 21. Ka1 a5 22. Rhf1 Bg6 23. Qc1 Qc5 24. a4 Re8 25. Ka2 Re2 26. Rd2 Re3 27.
Rdf2 Rb4 28. Re1 Rc3 29. Qf4 Rxa4+ 30. Bxa4 Qa3+ 31. Kb1 Qb4+ 32. Kc1 Qxa4 33.
Qd4 Rxc2+ {Normal} 0-1

[Event "Rated Blitz game"]
[Site "?"]
[Date "2021.06.02"]
[Round "?"]
[White "rebelos"]
[Black "GrandeGila"]
[Result "0-1"]
[WhiteElo "2367"]
[BlackElo "2448"]
[PlyCount "36"]
[EventDate "2021.??.??"]
[EventType "blitz"]

1. e4 e5 2. Nf3 d5 3. exd5 e4 4. Ng1 Qxd5 5. Nc3 Qe5 6. Qe2 Nf6 7. b3 Bg4 8.
Qc4 Nc6 9. Bb2 O-O-O 10. Be2 Nd4 11. O-O-O Nxe2+ 12. Ngxe2 Qe8 13. Nb5 c6 14.
Nxa7+ Kb8 15. Qa4 Bxe2 16. Rde1 Ba6 17. Bxf6 gxf6 18. Rxe4 Qd7 {Normal} 0-1

[Event "Rated Blitz game"]
[Site "?"]
[Date "2021.06.02"]
[Round "?"]
[White "Luu77"]
[Black "DarthZannah"]
[Result "1/2-1/2"]
[WhiteElo "2408"]
[BlackElo "2563"]
[PlyCount "104"]
[EventDate "2021.??.??"]
[EventType "blitz"]

1. e4 e5 2. Nf3 d5 3. exd5 e4 4. Qe2 Nf6 5. d3 Qxd5 6. Nc3 Bb4 7. Bd2 Bxc3 8.
Bxc3 O-O 9. dxe4 Nxe4 10. Rd1 Nxc3 11. Rxd5 Nxe2 12. Bxe2 Re8 13. Kd1 Be6 14.
Rd2 Nd7 15. Nd4 Nc5 16. Nxe6 Rxe6 17. Bf3 c6 18. c3 Re7 19. Re1 Rxe1+ 20. Kxe1
Kf8 21. b4 Na4 22. Rd7 Re8+ 23. Kd2 Re7 24. Rd8+ Re8 25. Rxe8+ Kxe8 26. Kd3 Ke7
27. Kd4 Kd6 28. Bd1 Nb6 29. Bb3 f6 30. a4 Nd7 31. f4 c5+ 32. Ke4 cxb4 33. cxb4
a5 34. Kd4 axb4 35. Kc4 Nc5 36. Kxb4 Nd3+ 37. Kb5 Nxf4 38. Kb6 Nd3 39. Bc2 Nc5
40. a5 h5 41. Bd1 h4 42. Bf3 f5 43. Bxb7 g5 44. a6 Nxa6 45. Bxa6 Kd5 46. Bc8
Ke4 47. Kc5 g4 48. Kc4 h3 49. g3 Kf3 50. Bxf5 Kg2 51. Bxg4 Kxh2 52. Bxh3 Kxg3 {
Normal} 1/2-1/2

[Event "Rated Blitz game"]
[Site "?"]
[Date "2021.06.02"]
[Round "?"]
[White "Bob_cimahi"]
[Black "Slimslik02"]
[Result "1/2-1/2"]
[WhiteElo "2412"]
[BlackElo "2412"]
[PlyCount "71"]
[EventDate "2021.??.??"]
[EventType "blitz"]

1. e4 e5 2. Nf3 d5 3. Nxe5 Bd6 4. d4 dxe4 5. Nc4 Qe7 6. Nxd6+ Qxd6 7. Be3 Nc6
8. Be2 Nge7 9. a3 f5 10. g3 O-O 11. c4 Ng6 12. c5 Qd8 13. Qd2 Be6 14. h4 Rf7
15. h5 Nf8 16. Nc3 Rd7 17. O-O-O Na5 18. Kb1 Bb3 19. Rdg1 Ne6 20. g4 f4 21.
Bxf4 Rxd4 22. Qe3 Nxf4 23. Qxf4 Nc6 24. h6 g6 25. Bb5 Rd2 26. Bxc6 bxc6 27. Rh3
Rb8 28. Qe5 Qf8 29. Ka1 Bd5 30. Nxd5 cxd5 31. Qf5 Rbxb2 32. Qe6+ Qf7 33. Qc8+
Qf8 34. Qe6+ Kh8 35. Qe5+ Kg8 36. Qe6+ {Normal} 1/2-1/2

[Event "Rated Blitz game"]
[Site "?"]
[Date "2021.06.02"]
[Round "?"]
[White "Ergashev"]
[Black "KamranShirazi"]
[Result "1-0"]
[WhiteElo "2511"]
[BlackElo "2539"]
[PlyCount "67"]
[EventDate "2021.??.??"]
[EventType "blitz"]

1. e4 e5 2. Nf3 d5 3. Qe2 dxe4 4. Qxe4 Nd7 5. d4 Ngf6 6. Qe2 e4 7. Ng5 Be7 8.
Nxe4 O-O 9. Nxf6+ Bxf6 10. Be3 Re8 11. c3 c5 12. dxc5 Nxc5 13. Nd2 Bf5 14. Qf3
Nd3+ 15. Bxd3 Qxd3 16. Rd1 Rad8 17. Nb3 Qc2 18. O-O Bd3 19. Rd2 Qxd2 20. Nxd2
Bxf1 21. Kxf1 Rd3 22. Qxb7 Rexe3 23. Qb8+ Rd8 24. Qxd8+ Bxd8 25. fxe3 Bb6 26.
Ke2 f5 27. b4 Kf7 28. a4 Kf6 29. a5 Bc7 30. Nc4 Bxh2 31. Na3 Be5 32. b5 Bxc3
33. b6 a6 34. Nc4 {Normal} 1-0

[Event "Rated Blitz game"]
[Site "?"]
[Date "2021.06.02"]
[Round "?"]
[White "H-HH"]
[Black "Michael_Watts"]
[Result "0-1"]
[WhiteElo "2461"]
[BlackElo "2358"]
[PlyCount "70"]
[EventDate "2021.??.??"]
[EventType "blitz"]

1. e4 e5 2. Nf3 d5 3. exd5 e4 4. Qe2 Nf6 5. Nc3 Be7 6. Nxe4 Nxd5 7. d3 O-O 8.
Qd1 c5 9. Be2 Nc6 10. O-O Bf5 11. c3 Qc7 12. Re1 Rad8 13. Qc2 Rfe8 14. Bg5 Nf4
15. Bxe7 Qxe7 16. Ng3 Bg6 17. Bf1 Qd6 18. Rxe8+ Rxe8 19. Re1 Rd8 20. Ne4 Qd5
21. c4 Qh5 22. Qd2 Qg4 23. Qe3 h6 24. Nxc5 b6 25. Ne4 Bxe4 26. Qxe4 Nh3+ 27.
Kh1 Nxf2+ 28. Kg1 Nxe4 29. Rxe4 Qg6 30. a3 Kh7 31. b4 a5 32. b5 Nb8 33. Ne5 Qd6
34. Nxf7 Qc5+ 35. d4 Rxd4 {Normal} 0-1

[Event "Rated Blitz game"]
[Site "?"]
[Date "2021.06.02"]
[Round "?"]
[White "mikromurks"]
[Black "Tristan2020"]
[Result "1-0"]
[WhiteElo "2426"]
[BlackElo "2291"]
[PlyCount "91"]
[EventDate "2021.??.??"]
[EventType "blitz"]

1. e4 e5 2. Nf3 d5 3. exd5 e4 4. Qe2 Nf6 5. d3 Qxd5 6. Nbd2 Be6 7. dxe4 Qa5 8.
Qb5+ Qxb5 9. Bxb5+ c6 10. Bd3 Nbd7 11. Ng5 Nc5 12. Nxe6 Nxd3+ 13. cxd3 fxe6 14.
Nc4 O-O-O 15. Ke2 Bc5 16. Be3 Bd4 17. Rac1 e5 18. Bxd4 exd4 19. b4 Rhe8 20.
Rhd1 Nd5 21. Kf1 Nc3 22. Rd2 b5 23. Na5 Kd7 24. Nb3 Kc7 25. Nxd4 Rxd4 26. Rxc3
Rxb4 27. Rdc2 Re6 28. Ke2 Kb6 29. Ke3 a5 30. f4 a4 31. f5 Rh6 32. g4 Rh3+ 33.
Kf4 c5 34. Rxc5 Rxd3 35. Rc7 Rc4 36. R7xc4 bxc4 37. Rxc4 Kb5 38. Rc2 a3 39. g5
Rd1 40. f6 gxf6 41. gxf6 Rb1 42. Ke5 Rb2 43. Rc3 Kb4 44. Rc8 Rxa2 45. f7 Rf2
46. f8=Q+ {Normal} 1-0

[Event "Rated Blitz game"]
[Site "?"]
[Date "2021.06.02"]
[Round "?"]
[White "Ergashev"]
[Black "KamranShirazi"]
[Result "0-1"]
[WhiteElo "2512"]
[BlackElo "2538"]
[PlyCount "26"]
[EventDate "2021.??.??"]
[EventType "blitz"]

1. e4 e5 2. Nf3 d5 3. exd5 e4 4. Qe2 Nf6 5. d3 Bb4+ 6. c3 O-O 7. cxb4 exf3 8.
Qxf3 Re8+ 9. Be2 Bg4 10. Qe3 Bxe2 11. Qxe2 Rxe2+ 12. Kxe2 Nxd5 13. a3 Nc6 {
Normal} 0-1

[Event "Rated Blitz game"]
[Site "?"]
[Date "2021.06.02"]
[Round "?"]
[White "Enredador"]
[Black "Raschmatt"]
[Result "1-0"]
[WhiteElo "2503"]
[BlackElo "2378"]
[PlyCount "49"]
[EventDate "2021.??.??"]
[EventType "blitz"]

1. e4 e5 2. Nf3 d5 3. Nxe5 Bd6 4. d4 dxe4 5. Nc4 Nf6 6. Nxd6+ Qxd6 7. Nc3 O-O
8. Be2 Bf5 9. Be3 Nc6 10. Qd2 Rad8 11. O-O-O a6 12. a3 b5 13. Bf4 Qe7 14. d5
Ne5 15. Qd4 Rfe8 16. h3 Nc4 17. Bxc4 bxc4 18. Qxc4 Rd7 19. g4 Bg6 20. Rhe1 Qd8
21. Bg5 Re5 22. Bxf6 Qxf6 23. Nxe4 Qf4+ 24. Nd2 Qg5 25. f4 {Normal} 1-0

[Event "Rated Blitz tournament UWn05mPF"]
[Site "?"]
[Date "2021.06.02"]
[Round "?"]
[White "MR_ENESTEIN70"]
[Black "dr_xStranger"]
[Result "0-1"]
[WhiteElo "2270"]
[BlackElo "2506"]
[PlyCount "76"]
[EventDate "2021.??.??"]
[EventType "blitz"]

1. e4 e5 2. Nf3 d5 3. exd5 e4 4. Qe2 Nf6 5. d3 Bb4+ 6. c3 O-O 7. dxe4 Bc5 8.
Bg5 Re8 9. Nbd2 c6 10. dxc6 Nxc6 11. Qc4 Qb6 12. O-O-O Be6 13. Qb5 Ng4 14. Bh4
Bxf2 15. Qxb6 axb6 16. h3 Bxh4 17. hxg4 Be7 18. Nc4 b5 19. Nd6 Bxd6 20. Rxd6
Rxa2 21. Kb1 Rea8 22. Kc2 b4 23. Bb5 b3+ 24. Kd3 Rxb2 25. Bxc6 bxc6 26. Rxc6
Rxg2 27. Nd4 Rg3+ 28. Ke2 Ra2+ 29. Kf1 b2 30. Rb6 h6 31. Ne2 Bc4 32. Kf2 Rxc3
33. Rc6 b1=Q 34. Rxb1 Rxe2+ 35. Kg1 Rg3+ 36. Kh1 Bd3 37. Rb8+ Kh7 38. Rcc8
Bxe4# {Normal} 0-1

[Event "Rated Blitz game"]
[Site "?"]
[Date "2021.06.02"]
[Round "?"]
[White "Jasper_Rom"]
[Black "Aldebaraan"]
[Result "0-1"]
[WhiteElo "2451"]
[BlackElo "2301"]
[PlyCount "116"]
[EventDate "2021.??.??"]
[EventType "blitz"]

1. e4 e5 2. Nf3 d5 3. Nxe5 Bd6 4. d4 dxe4 5. Nc3 Nf6 6. Bg5 O-O 7. Nxe4 Bxe5 8.
dxe5 Qxd1+ 9. Rxd1 Nxe4 10. Bf4 Nc5 11. Be2 Nc6 12. Be3 Ne6 13. f4 g6 14. Bf3
Ne7 15. g4 h6 16. h4 Kh7 17. h5 g5 18. f5 Nf4 19. Bc5 Re8 20. Kf2 c6 21. c4 b6
22. Bxe7 Rxe7 23. Bxc6 Rb8 24. Rhe1 Ba6 25. b3 Rc8 26. Bd7 Rd8 27. e6 fxe6 28.
fxe6 Bb7 29. Re5 Rf8 30. Ke3 Rd8 31. Rd6 Nxe6 32. Rexe6 Rxe6+ 33. Rxe6 Rxd7 34.
b4 Kg7 35. Rg6+ Kh7 36. c5 Bc8 37. c6 Rc7 38. b5 Bxg4 39. Rd6 Kg7 40. Kd4 Be2
41. a4 Bg4 42. Ke5 Bh3 43. Rg6+ Kh7 44. Kd6 Rf7 45. c7 Rd7+ 46. Kc6 Rd4 47. Rf6
Rc4+ 48. Kb7 Kg7 49. Rg6+ Kh7 50. Rd6 Bf5 51. Rd5 Be4 52. c8=Q Rxc8 53. Kxc8
Bxd5 54. Kb8 Bb3 55. Kxa7 Bxa4 56. Kxb6 Bxb5 57. Ka5 g4 58. Kxb5 g3 {Time
forfeit} 0-1

[Event "Rated Blitz game"]
[Site "?"]
[Date "2021.06.02"]
[Round "?"]
[White "Brutukseni"]
[Black "elcabusin"]
[Result "0-1"]
[WhiteElo "2409"]
[BlackElo "2415"]
[PlyCount "86"]
[EventDate "2021.??.??"]
[EventType "blitz"]

1. e4 e5 2. Nf3 d5 3. Nc3 dxe4 4. Nxe4 f5 5. Nc3 e4 6. Ng1 Nf6 7. d4 Bb4 8. a3
Ba5 9. Be3 O-O 10. h4 Ng4 11. Bc4+ Kh8 12. Bg5 Qd6 13. Nge2 Bxc3+ 14. bxc3 f4
15. Qd2 Nxf2 16. Bxf4 Rxf4 17. Qxf4 Qxf4 18. Nxf4 Nxh1 19. Ne2 e3 20. Nf4 Nf2
21. Ke2 Ng4 22. Rf1 Nc6 23. h5 Bd7 24. Kf3 Re8 25. Kg3 Nh6 26. Kh4 a6 27. Re1
Bg4 28. g3 Ne7 29. Kg5 Nef5 30. Be6 Rf8 31. d5 Bh3 32. c4 Nf7+ 33. Bxf7 Rxf7
34. h6 gxh6+ 35. Kh5 Ng7+ 36. Kh4 Bd7 37. Ne6 Nf5+ 38. Kh3 Bxe6 39. dxe6 Re7
40. g4 Ng7 41. Rxe3 Nxe6 42. Rd3 Ng5+ 43. Kg3 Kg7 {Time forfeit} 0-1

[Event "Rated Blitz game"]
[Site "?"]
[Date "2021.06.02"]
[Round "?"]
[White "LabutinAa"]
[Black "annaly1979"]
[Result "1-0"]
[WhiteElo "2518"]
[BlackElo "2415"]
[PlyCount "71"]
[EventDate "2021.??.??"]
[EventType "blitz"]

1. e4 e5 2. Nf3 d5 3. exd5 e4 4. Ng1 f5 5. g3 Nf6 6. Bg2 Bd6 7. Ne2 O-O 8. c4
Nbd7 9. O-O Ne5 10. b3 Nf3+ 11. Kh1 b6 12. Bb2 Bb7 13. Nd4 Qd7 14. Nxf3 exf3
15. Bxf3 Ne4 16. Bg2 Rae8 17. f4 c6 18. dxc6 Bxc6 19. d4 Qf7 20. Nd2 Bb4 21.
Nxe4 Bxe4 22. d5 Bc5 23. Qd2 a5 24. Rae1 Qh5 25. a3 h6 26. b4 axb4 27. axb4
Bxb4 28. Qxb4 Bxg2+ 29. Kxg2 Re2+ 30. Rxe2 Qxe2+ 31. Rf2 Qe4+ 32. Kg1 Rc8 33.
Qc3 Rc7 34. Qe5 Qb1+ 35. Rf1 Qxb2 36. Qxb2 {Normal} 1-0

[Event "Rated Rapid game"]
[Site "?"]
[Date "2021.06.02"]
[Round "?"]
[White "VCHPhamHuyDuc2011"]
[Black "ABA-001"]
[Result "1-0"]
[WhiteElo "2325"]
[BlackElo "2474"]
[PlyCount "53"]
[EventDate "2021.??.??"]
[EventType "rapid"]

1. e4 e5 2. Nf3 d5 3. exd5 e4 4. Qe2 Nf6 5. d3 Bb4+ 6. c3 Be7 7. dxe4 O-O 8. g3
Re8 9. Bg2 Nxe4 10. O-O Bf6 11. Be3 Bg4 12. h3 Bh5 13. Nbd2 Qxd5 14. Nxe4 Qxe4
15. g4 Bg6 16. Nd4 Qe7 17. Bxb7 c5 18. Bxa8 cxd4 19. cxd4 Bxd4 20. Rfe1 Qb4 21.
Qd2 Qxd2 22. Bxd2 Rd8 23. Ba5 Rf8 24. Rad1 Bxb2 25. Bb4 Na6 26. Bxf8 Kxf8 27.
Rd8# {Normal} 1-0

[Event "Rated Blitz game"]
[Site "?"]
[Date "2021.06.02"]
[Round "?"]
[White "angelmarqz"]
[Black "olarovfan"]
[Result "1-0"]
[WhiteElo "2592"]
[BlackElo "2530"]
[PlyCount "63"]
[EventDate "2021.??.??"]
[EventType "blitz"]

1. e4 e5 2. Nf3 d5 3. exd5 e4 4. Qe2 Nf6 5. Nc3 Qe7 6. Nd4 Bg4 7. Qb5+ c6 8.
dxc6 bxc6 9. Qa4 Qc5 10. Nb3 Qe5 11. Be2 Bxe2 12. Nxe2 Bd6 13. Ng3 h5 14. Qd4
Qe6 15. Nf5 Qxf5 16. Qxd6 Nbd7 17. Qxc6 O-O 18. O-O Rac8 19. Qd6 Rxc2 20. Nd4
Qc5 21. Qxc5 Rxc5 22. b3 Ne5 23. Ba3 Rd5 24. Nf5 Rxd2 25. Bxf8 Kxf8 26. Rfd1
Rxd1+ 27. Rxd1 Nd3 28. Nd6 Nf4 29. Kf1 a6 30. Rd4 Ne6 31. Rc4 Ng5 32. h4 {
Normal} 1-0

[Event "Rated Blitz game"]
[Site "?"]
[Date "2021.06.02"]
[Round "?"]
[White "jimothylacoste"]
[Black "GrandeGila"]
[Result "0-1"]
[WhiteElo "2580"]
[BlackElo "2441"]
[PlyCount "42"]
[EventDate "2021.??.??"]
[EventType "blitz"]

1. e4 e5 2. Nf3 d5 3. Nxe5 Bd6 4. d4 dxe4 5. f4 exf3 6. Nxf3 Nc6 7. Bb5 Nge7 8.
O-O Bg4 9. Nc3 O-O 10. Bg5 Nxd4 11. Qxd4 Bxf3 12. Qh4 Bc6 13. Bd3 h6 14. Bxh6
gxh6 15. Qxh6 Ng6 16. Ne4 Bxe4 17. Bxe4 Qh4 18. Qxh4 Nxh4 19. Rf6 Kg7 20. Raf1
Be5 21. R6f2 Bd4 {Normal} 0-1